000 01813nam a2200397 i 4500
001 60815
003 CO-BoRNBP
005 20260318205229.0
007 ta
008 210826r20182015sp a br 000 p spa d
020 _a9788494405051
040 _aCO-BoRNBP
_bspa
_erda
_cCO-BoRNBP
041 0 _aspa
043 _as-ve---
084 _aP
245 0 0 _aEstaba la rana /
_cilustrado por Ramón París ; edición de María Cecilia Silva Diaz.
250 _aPrimera edición.
_bSegunda reimpresión
264 1 _aBarcelona, España :
_bEdicitorial Ekaré,
_c2015,
_c2018.
300 _a22 páginas sin numerar :
_bilustraciones a color ;
_c22 cm.
336 _atexto
_btxt
_2rdacontent
337 _asin mediación
_bn
_2rdamedia
338 _avolumen
_bnc
_2rdacarrier
490 0 _aClave de Sol
500 _aEl material correspondiente a la dotación PNLB 2022, corresponde a la segunda reimpresión de 2018.
500 _aIncluye letra y partitura.
520 1 _a“Estaba la rana cantando «Debajo del agua» ¡AGUA!; cuando la rana se puso a cantar, vino la mosca y la hizo callar”. En este nuevo libro de la colección Clave de sol, el ilustrador Ramón París recrea a ritmo de jazz una conocida canción popular. Se abre el telón, los focos se encienden. ¡El espectáculo está a punto de comenzar! (Tomado de la fuente).
521 1 _aRecomendado para un público infantil mayor de 6 años.
650 1 7 _aPoesía infantil venezolana
_2rnbp
_924870
650 1 7 _aLiteratura infantil venezolana
_2rnbp
_91703
650 1 7 _aCanciones infantiles en la literatura
_2rnbp
_960653
650 1 7 _aJuegos infantiles
_2lemb
_910241
650 1 7 _aRondas infantiles
_2lemb
700 1 _aParís, Ramón,
_d1969- ,
_eill
_9978
700 1 _aSilva-Díaz, María Cecilia,
_eedt
_91007
942 _2loc
_cBKLITI
_n0
999 _c60815
_d60815